| 000 | 00687nam a2200181 a 4500 | ||
|---|---|---|---|
| 008 | 120416s2001 ||||||||||||||||| || u | ||
| 020 | _a020159613x | ||
| 050 | _aHF 5549.15 Con | ||
| 100 | _aRedman, Tom | ||
| 245 | 1 | 0 |
_aContemporary human resource management: text and cases _cedited by Tom Redman |
| 260 |
_aLondon: _bFT Prentice-Hall _c2001 |
||
| 350 | _a0.00 | ||
| 650 | _aPERSONNEL MANAGEMENT--STUDY AND TEACHING | ||
| 650 | 0 | _aPERSONNEL MANAGEMENT | |
| 650 | _aPERSONNEL MANAGEMENT--CASE STUDIES | ||
| 700 | _aWilkinson, Adrian | ||
| 995 |
_D0.00 _FCBU-MAIN LIBRARY (Kitwe) _H1 _I25.00 _UDAMAGED _ZMain Library Open Access Collection |
||
| 999 |
_c38634 _d38634 |
||